| 000 | 00465nam a2200169Ia 4500 | ||
|---|---|---|---|
| 003 | LK-CoDNM | ||
| 005 | 20230917105757.0 | ||
| 008 | 010623t1912 xxu||||| |||| 00| 1 eng d | ||
| 040 |
_aLK-CoDNM _dLK-CoDNM _eLK-CoDNM |
||
| 041 | _aeng | ||
| 080 | _a12E14 | ||
| 100 | _aGiles,Herbert.A. | ||
| 245 | _aA Chinese-English Dictionary | ||
| 260 |
_bKelly Walsh Ltd _aSingapore,Bernard Quaritch:London _c1912 |
||
| 300 | _bXVIII,848P., 33 260: Third cm | ||
| 942 | _cBK | ||
| 999 |
_c87515 _d87515 |
||